000
00266nam a22001217a 4500
040
_c
SK
082
_a
338
100
_a
សុក គន្ធី
245
_a
The logical framework approach (LFA)
260
_a
NORAD
_b
សុក
_c
NA
300
_a
109p.
942
_c
EK
999
_c
8813
_d
8813